Joan Miró (Registro nro. 12024)

Detalles MARC
000 -LEADER
longitud fija campo de control 00659nam a2200229 4500
003 - IDENTIFICADOR DE NUMERO DE CONTROL
control del campo AR-RoUNA
040 ## - ORIGEN DE LA CATALOGACION
Agencia que cataloga la obra original AR-RoUNA
Idioma en que se cataloga fre
Entidad que modifico el registro AR-RoUNA
044 ## - CODIGO DE PAIS / ENTIDAD PRODUCTORA
Codigo MARC del pais ag
100 1# - ASIENTO PRINCIPAL - NOMBRE PERSONAL
Nombre personal Queneau, Raymond
9 (RLIN) 27224
Fechas asociadas con el nombre 1903-1976
245 10 - TITULO PROPIAMENTE DICHO
Titulo Joan Miró
Subtitulo : ou le poete prehistorique
Mencion de responsabilidad, etc / Raymond Queneau,
260 ## - EDITORIAL - PUBLICACION, DISTRIBUCION, ETC. (Pie de imprenta)
Lugar de publicacion, distribucion, etc Suiza :
Nombre del editor, distribuidor, etc Albert Skira,
Fecha de publicacion 1949
300 ## - DESCRIPCION FISICA
Extension 10 láminas :
Otros detalles fisicos láms.,
Dimensiones 39x29 cm
490 ## - MENCION DE SERIE
Titulo de la serie Les Trésors de la peinture franc̜aise.
Numero del volumen / designacion secuencial v. 35
600 14 - MATERIA - NOMBRES PERSONALES
Nombre personal Miró, Joan
9 (RLIN) 6417
Fechas asociadas con el nombre 1893-1983
650 #4 - MATERIA - TERMINO TEMATICO
Término temático general Arte
650 #4 - MATERIA - TERMINO TEMATICO
Término temático general Pintura
908 ## - SOPORTE
Soporte Imp
930 ## - ACCESION
Numero de accesion (NR) 2689
942 ## - FUENTE DE CLASIFICACION
Clasificacion Universal Decimal Classification
945 ## - INFORMACION DE PROCESAMIENTO
Fecha de ingreso o modificacion 2025-06-03
980 ## - DECLARACIÓN DE EQUIVALENCIA O SERIE DE REFERENCIA CRUZADA - NOMBRE / TÍTULO PERSONAL [LOCAL, CANADÁ]
Código del operador 5
Nombre del operador María Machado
Código del operador que modifico el registro 5
Nombre del operador que modifico el registro María Machado
Existencias
Estado retiro Estado perdido Sistema de clasificacion Estado general Biblioteca de origen Ubicacion actual Localizacion en estante Fecha de adquisicion Prestamos totales Signatura y librística Proveedor Numero de ejemplar Nota no publica
Disponible Disponible udc No dañado Arq. Hilarión H. Larguia Arq. Hilarión H. Larguia HHL 03/06/2025 1 75 T798 3729 ej. 1